00927cam a2200229 a 450000100100000000500170001000800410002704000250006808200150009324500930010826000360020130000320023749000510026950000210032050400690034159000270041070000370043770000350047483000580050995201130056799900170068000001142920200929162441.0850412s1985 xxua b 001 0 eng c aDO-SdBNPbspacBNPHU annnbC557t00aChronic treatments in neuropsychiatry /cvolume editors, Dargut Kemali, Giorgio Racagni. aNew York :bRaven Press,c1985. axv, 219 p. :bil. ;c27 cm.1 aAdvances in biochemical psychopharmacologyv40 aIncluye índice aIncluye referencias bibliográficas al final de los capítulos aInventariado, 2019 /LP1 aRacagni, Giorgio,eeditor9271041 aKemali, Dargut,eeditor927105 0aAdvances in biochemical psychopharmacologyv40927106 001050718MOaGRbGRcHDd2009-10-16iLF1l0onnn C557tp11429-10r2020-06-25w2020-06-25y1ZNo se presta c11131d11131